Estaciones Metro Santiago de Chile - Estadísticas

Estadísticas generales
  • Esta prueba ha sido intentada 2.737 veces
    2.609 desde el último reinicio
  • La puntuación promedio es 74 de 135
Respuestas en el mapa
Las respuestas están codificadas por una escala verde-roja en el mapa de la prueba según el % correcto abajo.
 
Estadísticas de respuestas
S Estación % Correcto
C Universidad de Chile
92%
C Baquedano
91%
C Los Leones
91%
C Tobalaba
89%
L1 Los Dominicos
88%
L1 Universidad Católica
88%
C Estación Central
87%
C San Pablo
85%
C Los Héroes
84%
L1 Escuela Militar
82%
L1 La Moneda
81%
L1 Santa Lucía
81%
L1 Pedro de Valdivia
79%
L1 Unión Latinoamericana
79%
L1 El Golf
77%
L1 Manuel Montt
77%
L1 Pajaritos
77%
L1 Salvador
77%
L1 Universidad de Santiago
77%
C Nuñoa
76%
L1 Manquehue
74%
C Santa Ana
74%
C Plaza de Armas
73%
L5 Plaza de Maipú
73%
C Vicente Valdés
73%
L6 Estadio Nacional
72%
C Franklin
72%
L6 Ñuble
72%
C Plaza Egaña
70%
L5 San Joaquín
70%
L1 Alcántara
69%
L6 Cerrillos
69%
L1 Neptuno
69%
C La Cisterna
68%
L4 Plaza de Puente Alto
68%
L1 República
68%
L1 Hernando de Magallanes
67%
C Irarrazával
66%
L1 Las Rejas
66%
L2 Parque O'Higgins
66%
C Puente Cal y Canto
65%
L2 Vespucio Norte
62%
L5 Pedrero
61%
L5 Bellas Artes
60%
L3 Chile-Espana
60%
L5 Cumming
60%
L3 Hospitales
60%
L5 Parque Bustamante
60%
L5 Santa Isabel
60%
C Vicuña Mackenna
60%
L4 Grecia
59%
L6 Inés de Suárez
59%
L1 Ecuador
58%
L4 Macul
58%
L5 Quinta Normal
58%
L2 Toesca
58%
L5 Camino Agrícola
57%
L4 Cristóbal Colón
56%
L3 Fernando Castillo Velasco
56%
L2 Hospital El Pino
55%
L5 Mirador
55%
L2 Rondizzoni
55%
L5 Bellavista de La Florida
54%
L6 Bío Bío
54%
L2 Ciudad del Niño
54%
C Lo Valledor
54%
L2 San Miguel
54%
L4 Príncipe de Gales
53%
L4 Quilín
53%
L1 San Alberto Hurtado
53%
L2 Cementerios
52%
L4 Francisco Bilbao
52%
L4A La Granja
52%
L4 Los Presidentes
52%
L3 Plaza de Quilicura
51%
L5 Carlos Valdovinos
50%
L5 Pudahuel
50%
L4A San Ramón
50%
L2 Patronato
49%
MT Pedro Aguirre Cerda
49%
L3 Villa Frei
49%
L4 Hospital Sótero del Río
48%
L4 Los Orientales
48%
L4 Simón Bolívar
48%
L3 Matta
47%
L5 Rodrigo de Araya
47%
L2 Einstein
46%
L3 Parque Almagro
46%
L4A Santa Rosa
46%
L4 Las Torres
45%
L3 Los Libertadores
44%
L5 Del Sol
43%
L4 Protectora de la Infancia
43%
L5 Blanqueado
42%
L2 Departamental
42%
L5 Gruta de Lourdes
42%
L3 Monsenõr Eyzaguirre
42%
L2 Lo Ovalle
41%
L4 Rojas Magallanes
41%
L2 El Bosque
40%
L2 El Llano
40%
L4 Las Mercedes
40%
L5 Monte Tabor
40%
L5 Lo Prado
39%
L2 Lo Vial
39%
MT Nos
39%
MT San Bernardo
39%
L4A Santa Julia
39%
L2 Zapadores
39%
L2 Cerro Blanco
38%
L3 Conchalí
38%
L4 Elisa Correa
38%
L4 Los Quillayes
38%
L4 Trinidad
38%
L5 Santiago Bueras
37%
L5 Barrancas
36%
L2 El Parrón
36%
L4 San José de la Estrella
36%
L5 Laguna Sur
34%
L5 Las Parcelas
34%
L2 Observatorio
34%
L3 Plaza Chacabuco
33%
MT Lo Espejo
32%
L2 Dorsal
31%
L3 Ferrocarril
31%
L6 Presidente Pedro Aguirre Cerda
30%
L3 Vivaceta
29%
L3 Lo Cruzat
27%
L3 Cardenal Caro
26%
L2 Lo Martínez
25%
MT Lo Blanco
20%
MT Cinco Pinos
16%
MT Maestranza
16%
MT Freire
15%
No se encontraron pruebas coincidentes
Distribución de puntuación
Porcentaje de gente con cada puntuación
Porcentaje por número respondido
Historial de tus puntuaciones
No has intentado esta prueba desde el último reinicio